| 000 | 01094cam a2200301 a 4500 | ||
|---|---|---|---|
| 001 | 000017465 | ||
| 003 | UkOxU | ||
| 005 | 20200929165125.0 | ||
| 008 | 500101s1963 sp b 001 0 spa d | ||
| 040 |
_aDO-SdBNP _bspa _cLC _dBNPHU |
||
| 041 | 1 | 7 |
_aspa _hgrc _2Código de idioma MARC |
| 082 |
_a188.7 _bE64p |
||
| 100 | 0 |
_aEpictetus. _938181 |
|
| 240 | 1 | 0 |
_aDissertationes ab Arriano Digestae. _lEspañol |
| 245 | 1 | 0 |
_aPláticas por Arriano / _cEpicteto ; revisión y traducción por Pablo Jordan de Urríes y Azara. |
| 260 |
_aBarcelona : _bAlma Mater, _c1963. |
||
| 300 |
_av. : _b22 cm. |
||
| 490 | 1 | _aHispánica de Autores Griegos y Latinos | |
| 534 |
_a[Título original]: _tDissertationes ab Arriano Digestae |
||
| 500 | _aLa biblioteca sólo posee el volumen 2. | ||
| 504 | _aIncluye referencias bibliográficas e índice. | ||
| 650 | 4 |
_aEstoicismo _938182 |
|
| 650 | 4 |
_aFilosofía antigua _91215 |
|
| 700 | 1 |
_aJordán de Urríes y Azara, Pablo, _etr. _938183 |
|
| 830 | 0 |
_aHispánica de Autores Griegos y Latinos _938184 |
|
| 910 | _aCatalogación derivada / LC | ||
| 049 | _aBNGR | ||
| 999 |
_c16990 _d16990 |
||